<?xml version="1.0" encoding="UTF-8"?>
<record
    xmlns:xsi="http://www.w3.org/2001/XMLSchema-instance"
    xsi:schemaLocation="http://www.loc.gov/MARC21/slim http://www.loc.gov/standards/marcxml/schema/MARC21slim.xsd"
    xmlns="http://www.loc.gov/MARC21/slim">

  <leader>01870nam0a2200349 i 4500</leader>
  <controlfield tag="001">RU\NLR\BIBL_A\010720345</controlfield>
  <controlfield tag="005">20240921202050.0</controlfield>
  <datafield tag="010" ind1=" " ind2=" ">
    <subfield code="a">9785768109721</subfield>
    <subfield code="9">500</subfield>
  </datafield>
  <datafield tag="021" ind1=" " ind2=" ">
    <subfield code="a">RU</subfield>
    <subfield code="b">2015-11811</subfield>
    <subfield code="9">717</subfield>
  </datafield>
  <datafield tag="035" ind1=" " ind2=" ">
    <subfield code="a">(NILC)RuMoRGB-007875570</subfield>
  </datafield>
  <datafield tag="035" ind1=" " ind2=" ">
    <subfield code="a">(NLR Aleph) 010720345</subfield>
  </datafield>
  <datafield tag="090" ind1=" " ind2=" ">
    <subfield code="a">9815989</subfield>
    <subfield code="c">9815989</subfield>
  </datafield>
  <datafield tag="100" ind1=" " ind2=" ">
    <subfield code="a">20150406d2014    k  y0rusy50      ca</subfield>
  </datafield>
  <datafield tag="101" ind1="0" ind2=" ">
    <subfield code="a">rus</subfield>
  </datafield>
  <datafield tag="102" ind1=" " ind2=" ">
    <subfield code="a">RU</subfield>
  </datafield>
  <datafield tag="105" ind1=" " ind2=" ">
    <subfield code="a">a|||z|||001yy</subfield>
  </datafield>
  <datafield tag="200" ind1="1" ind2=" ">
    <subfield code="a">&#x424;&#x43E;&#x440;&#x43C;&#x438;&#x440;&#x43E;&#x432;&#x430;&#x43D;&#x438;&#x435; &#x441;&#x442;&#x440;&#x430;&#x442;&#x435;&#x433;&#x438;&#x438; &#x430;&#x43D;&#x442;&#x438;&#x43A;&#x440;&#x438;&#x437;&#x438;&#x441;&#x43D;&#x43E;&#x433;&#x43E; &#x440;&#x430;&#x437;&#x432;&#x438;&#x442;&#x438;&#x44F; &#x43F;&#x43E;&#x434;&#x441;&#x438;&#x441;&#x442;&#x435;&#x43C;&#x44B; &#x440;&#x435;&#x433;&#x438;&#x43E;&#x43D;&#x430;&#x43B;&#x44C;&#x43D;&#x43E;&#x439; &#x44D;&#x43A;&#x43E;&#x43D;&#x43E;&#x43C;&#x438;&#x43A;&#x438; &#x43D;&#x430; &#x43E;&#x441;&#x43D;&#x43E;&#x432;&#x435; &#x441;&#x442;&#x440;&#x443;&#x43A;&#x442;&#x443;&#x440;&#x43D;&#x43E;&#x439; &#x442;&#x440;&#x430;&#x43D;&#x441;&#x444;&#x43E;&#x440;&#x43C;&#x430;&#x446;&#x438;&#x438;: &#x442;&#x435;&#x445;&#x43D;&#x43E;&#x43B;&#x43E;&#x433;&#x438;&#x447;&#x435;&#x441;&#x43A;&#x438;&#x435; &#x43E;&#x441;&#x43E;&#x431;&#x435;&#x43D;&#x43D;&#x43E;&#x441;&#x442;&#x438; &#x438; &#x43C;&#x435;&#x445;&#x430;&#x43D;&#x438;&#x437;&#x43C; &#x440;&#x435;&#x430;&#x43B;&#x438;&#x437;&#x430;&#x446;&#x438;&#x438;</subfield>
    <subfield code="e">&#x43C;&#x43E;&#x43D;&#x43E;&#x433;&#x440;&#x430;&#x444;&#x438;&#x44F;</subfield>
    <subfield code="f">&#x412;.&#x42E;. &#x426;&#x438;&#x43A;&#x43B;&#x430;&#x443;&#x440;&#x438;</subfield>
    <subfield code="g">&#x41C;&#x438;&#x43D;&#x43E;&#x431;&#x440;&#x43D;&#x430;&#x443;&#x43A;&#x438; &#x420;&#x43E;&#x441;&#x441;&#x438;&#x438;, &#x424;&#x435;&#x434;&#x435;&#x440;. &#x433;&#x43E;&#x441;. &#x431;&#x44E;&#x434;&#x436;&#x435;&#x442;. &#x43E;&#x431;&#x440;&#x430;&#x437;&#x43E;&#x432;&#x430;&#x442;. &#x443;&#x447;&#x440;&#x435;&#x436;&#x434;&#x435;&#x43D;&#x438;&#x435; &#x432;&#x44B;&#x441;&#x448;. &#x43F;&#x440;&#x43E;&#x444;. &#x43E;&#x431;&#x440;&#x430;&#x437;&#x43E;&#x432;&#x430;&#x43D;&#x438;&#x44F; "&#x42E;&#x433;&#x43E;-&#x417;&#x430;&#x43F;. &#x433;&#x43E;&#x441;. &#x443;&#x43D;-&#x442;" (&#x42E;&#x417;&#x413;&#x423;)</subfield>
  </datafield>
  <datafield tag="210" ind1=" " ind2=" ">
    <subfield code="a">&#x41A;&#x443;&#x440;&#x441;&#x43A;</subfield>
    <subfield code="c">&#x42E;&#x433;&#x43E;-&#x417;&#x430;&#x43F;&#x430;&#x434;&#x43D;&#x44B;&#x439; &#x433;&#x43E;&#x441;&#x443;&#x434;&#x430;&#x440;&#x441;&#x442;&#x432;&#x435;&#x43D;&#x43D;&#x44B;&#x439; &#x443;&#x43D;&#x438;&#x432;&#x435;&#x440;&#x441;&#x438;&#x442;&#x435;&#x442;</subfield>
    <subfield code="d">2014</subfield>
  </datafield>
  <datafield tag="215" ind1=" " ind2=" ">
    <subfield code="a">165 &#x441;.</subfield>
    <subfield code="c">&#x438;&#x43B;.</subfield>
    <subfield code="d">20</subfield>
  </datafield>
  <datafield tag="320" ind1=" " ind2=" ">
    <subfield code="a">&#x411;&#x438;&#x431;&#x43B;&#x438;&#x43E;&#x433;&#x440;.: &#x441;. 153-165 (146 &#x43D;&#x430;&#x437;&#x432;.)</subfield>
  </datafield>
  <datafield tag="606" ind1="1" ind2=" ">
    <subfield code="a">&#x410;&#x43D;&#x442;&#x438;&#x43A;&#x440;&#x438;&#x437;&#x438;&#x441;&#x43D;&#x43E;&#x435; &#x443;&#x43F;&#x440;&#x430;&#x432;&#x43B;&#x435;&#x43D;&#x438;&#x435;</subfield>
    <subfield code="x">&#x420;&#x435;&#x433;&#x438;&#x43E;&#x43D;&#x430;&#x43B;&#x44C;&#x43D;&#x44B;&#x439; &#x430;&#x441;&#x43F;&#x435;&#x43A;&#x442;</subfield>
    <subfield code="9">2094833</subfield>
    <subfield code="3">RU\NLR\AUTH\661267572</subfield>
  </datafield>
  <datafield tag="606" ind1="1" ind2=" ">
    <subfield code="a">&#x420;&#x435;&#x433;&#x438;&#x43E;&#x43D;&#x430;&#x43B;&#x44C;&#x43D;&#x430;&#x44F; &#x44D;&#x43A;&#x43E;&#x43D;&#x43E;&#x43C;&#x438;&#x43A;&#x430;</subfield>
    <subfield code="y">&#x41A;&#x443;&#x440;&#x441;&#x43A;&#x430;&#x44F; &#x43E;&#x431;&#x43B;&#x430;&#x441;&#x442;&#x44C;</subfield>
    <subfield code="9">2515749</subfield>
    <subfield code="3">RU\NLR\AUTH\661491084</subfield>
  </datafield>
  <datafield tag="607" ind1=" " ind2=" ">
    <subfield code="a">&#x41A;&#x443;&#x440;&#x441;&#x43A;&#x430;&#x44F; &#x43E;&#x431;&#x43B;&#x430;&#x441;&#x442;&#x44C; (&#x420;&#x43E;&#x441;&#x441;&#x438;&#x439;&#x441;&#x43A;&#x430;&#x44F; &#x424;&#x435;&#x434;&#x435;&#x440;&#x430;&#x446;&#x438;&#x44F;)</subfield>
    <subfield code="2">rugeo</subfield>
  </datafield>
  <datafield tag="686" ind1="1" ind2=" ">
    <subfield code="a">&#x423;9(2)-971</subfield>
  </datafield>
  <datafield tag="686" ind1="1" ind2=" ">
    <subfield code="a">&#x423;21(2)9</subfield>
  </datafield>
  <datafield tag="686" ind1="1" ind2=" ">
    <subfield code="a">&#x423;04(2&#x420;-4&#x41A;&#x443;&#x440;&#x441;)9</subfield>
  </datafield>
  <datafield tag="700" ind1=" " ind2="1">
    <subfield code="a">&#x426;&#x438;&#x43A;&#x43B;&#x430;&#x443;&#x440;&#x438;</subfield>
    <subfield code="b">&#x412;. &#x42E;.</subfield>
    <subfield code="g">&#x412;&#x438;&#x43A;&#x442;&#x43E;&#x440;&#x438;&#x44F; &#x42E;&#x440;&#x44C;&#x435;&#x432;&#x43D;&#x430;</subfield>
  </datafield>
  <datafield tag="801" ind1=" " ind2="0">
    <subfield code="a">RU</subfield>
    <subfield code="b">&#x420;&#x413;&#x411;</subfield>
    <subfield code="c">20150225</subfield>
    <subfield code="g">RCR</subfield>
  </datafield>
  <datafield tag="942" ind1=" " ind2=" ">
    <subfield code="c">BOOK</subfield>
  </datafield>
  <datafield tag="980" ind1=" " ind2=" ">
    <subfield code="a">NBR</subfield>
  </datafield>
</record>
